Un servilón y un liberalito o Tres almas de Dios / (Record no. 37661)

MARC details
000 -LEADER
campo de control de longitud fija 00868nam a2200193 i 4500
001 - NÚMERO DE CONTROL
campo de control 37661
003 - IDENTIFICADOR DE NÚMERO DE CONTROL
campo de control ES-MaACL
005 - FECHA Y HORA DE LA ÚLTIMA TRANSACCIÓN
campo de control 20250727071244.0
007 - CAMPO FIJO DE DESCRIPCIÓN FÍSICA--INFORMACIÓN GENERAL
campo de control de longitud fija t|
008 - DATOS DE LONGITUD FIJA--INFORMACIÓN GENERAL
campo de control de longitud fija 030221s1863 sp ||||1| spa d
100 1# - ENTRADA PRINCIPAL--NOMBRE DE PERSONA
Nombre de persona Caballero, Fernán.
9 (RLIN) 33079
245 13 - MENCIÓN DEL TÍTULO
Título Un servilón y un liberalito o Tres almas de Dios /
Mención de responsabilidad, etc. Fernán Caballero (seud. de Cecilia Boehl de Faber) ; prólogo de Antonio Aparisi Guijarro.
260 ## - PUBLICACIÓN, DISTRIBUCIÓN, ETC.
Lugar de publicación, distribución, etc. Madrid :
Nombre del editor, distribuidor, etc. [s.n.],
Fecha de publicación, distribución, etc. 1863 (
Fabricante Est. tip. de Mellado)
300 ## - DESCRIPCIÓN FÍSICA
Extensión XVIII, 247 p. ;
Dimensiones 18 cm.
505 8# - NOTA DE CONTENIDO CON FORMATO
Nota de contenido con formato Contiene además: Pág. 101 : El ex-voto. Pág 153 : Matrimonio bien avenido junto al marido. Pág 183: Promesa de un soldado a la Virgen del Carmen. Pág 205 : El Alcázar de Sevilla. Pág 227 : Un sermón bajo naranjos
700 1# - ENTRADA AGREGADA--NOMBRE PERSONAL
Nombre de persona Aparisi y Guijarro, Antonio,
Fechas asociadas al nombre 1815-1872
9 (RLIN) 22085
852 ## - LOCALIZACIÓN
Ubicación ES-MaACL
Número de control de estantería D-3125
Holdings
Estatus retirado Estado de pérdida Estado de daño No para préstamo Colección Biblioteca de origen Biblioteca actual Ubicación en estantería Fecha de adquisición Fuente de adquisición Total de préstamos Signatura topográfica completa Código de barras Visto por última vez Precio de reemplazo Tipo de ítem Koha
        Libros del s. XIX Biblioteca del Ateneo de Madrid Biblioteca del Ateneo de Madrid Sala Valle Inclán 17/01/2008     D-3125 901039644 23/02/2023 23/02/2023 Libro impreso antiguo